[Event "2012(Zaozhuang-China) Asian Nations Chess Cup"]
[Site "ZaoZhuang, China"]
[Date "2012.05.17"]
[Round "1"]
[Board "1"]
[White "Ren, Xiaoyi"]
[Black "Ju, Wenjun"]
[Result "0-1"]
[WhiteElo "2202"]
[BlackElo "2529"]
[PlyCount "0"]
[EventDate "2012.05.17"]
[EventType "team"]
[EventRounds "9"]
[EventCountry "CHN"]
[WhiteTeam "China 3"]
[BlackTeam "China 1"]

1. d4 Nf6 2. c4 d6 3. Nc3 Nbd7 4. e4 g6 5. f3 Bg7 6. Nh3 O-O 7. Nf2 e5 8. d5
Nh5 9. Be3 f5 10. Nd3 a5 11. a4 b6 12. Qd2 Nc5 13. Nxc5 bxc5 14. O-O-O Bd7 15.
Bd3 fxe4 16. fxe4 Nf4 17. Bc2 Qe7 18. Nb5 Bxb5 19. cxb5 Bf6 20. h4 Bxh4 21. g3
Bxg3 22. Rdg1 Bh4 23. Kb1 Kh8 24. Bd1 Rf7 25. Bg4 g5 26. Bf5 Qf8 27. Bf2 Bxf2
28. Qxf2 Rxf5 29. exf5 Qxf5+ 30. Ka2 Qe4 31. b3 c4 32. Qb2 Nxd5 33. Rh3 cxb3+
34. Rxb3 Nb4+ 35. Ka1 Nc2+ 36. Ka2 Rf8 37. Rc3 Rf2 0-1

[Event "2012(Zaozhuang-China) Asian Nations Chess Cup"]
[Site "ZaoZhuang, China"]
[Date "2012.05.17"]
[Round "1"]
[Board "2"]
[White "Shen, Yang"]
[Black "Ni, Shiqun"]
[Result "1-0"]
[WhiteElo "2419"]
[BlackElo "2157"]
[PlyCount "0"]
[EventDate "2012.05.17"]
[EventType "team"]
[EventRounds "9"]
[EventCountry "CHN"]
[WhiteTeam "China 1"]
[BlackTeam "China 3"]

1. d4 Nf6 2. c4 g6 3. Nc3 d5 4. cxd5 Nxd5 5. e4 Nxc3 6. bxc3 Bg7 7. Nf3 c5 8.
Be3 Qa5 9. Qd2 Nc6 10. Rb1 cxd4 11. cxd4 Qxd2+ 12. Kxd2 O-O 13. d5 Na5 14. Bc5
f5 15. Bxe7 Rf7 16. Bh4 fxe4 17. Ng5 Rf5 18. Rb5 Bh6 19. Rxa5 b6 20. Ra4 Bxg5+
21. Bxg5 Rxd5+ 22. Ke3 Rxg5 23. Rxe4 Rc5 24. Bc4+ Kf8 25. Rf4+ Ke7 26. Bb3 Re5+
27. Kd4 Rf5 28. Rh4 h5 29. Re1+ Kf6 30. f3 Bb7 31. Re6+ Kg5 32. Rh3 Kh6 33. Rg3
Rg5 34. Rxg5 Kxg5 35. Bc2 Rd8+ 36. Ke3 Rg8 37. Re7 Bc6 38. Rxa7 Re8+ 39. Kd2
Re6 40. Rg7 h4 41. Rh7 Rd6+ 42. Kc3 Rf6 43. a3 Rf4 44. Rh8 Rf6 45. Bd3 Rd6 46.
Rf8 Re6 47. Rf7 Ba8 48. g3 hxg3 49. hxg3 Rc6+ 50. Kd2 Re6 51. f4+ Kg4 52. f5
1-0

[Event "2012(Zaozhuang-China) Asian Nations Chess Cup"]
[Site "ZaoZhuang, China"]
[Date "2012.05.17"]
[Round "1"]
[Board "3"]
[White "Lei, Tingjie"]
[Black "Huang, Qian"]
[Result "0-1"]
[WhiteElo "2154"]
[BlackElo "2417"]
[PlyCount "0"]
[EventDate "2012.05.17"]
[EventType "team"]
[EventRounds "9"]
[EventCountry "CHN"]
[WhiteTeam "China 3"]
[BlackTeam "China 1"]

1. d4 g6 2. Nf3 Bg7 3. c4 d6 4. Nc3 c6 5. e4 e5 6. Be2 Ne7 7. dxe5 dxe5 8.
Qxd8+ Kxd8 9. Be3 f6 10. O-O-O+ Ke8 11. Rd6 Kf7 12. Rhd1 Be6 13. Na4 b6 14. b4
Na6 15. a3 Nc7 16. Kb2 Rhb8 17. h4 Ne8 18. R6d2 h5 19. Nh2 Ng8 20. g3 Ke7 21.
Nc3 Rd8 22. a4 Rxd2+ 23. Rxd2 Bh6 24. Nf1 Nd6 25. c5 bxc5 26. bxc5 Nb7 27. Ba6
Na5 28. Bxh6 Nxh6 29. Ne3 Rb8+ 30. Kc2 Nb3 31. Rd1 Nxc5 32. Bc4 Ng4 33. Bxe6
Nxe3+ 34. fxe3 Kxe6 35. Rb1 Rxb1 36. Kxb1 f5 0-1

[Event "2012(Zaozhuang-China) Asian Nations Chess Cup"]
[Site "ZaoZhuang, China"]
[Date "2012.05.17"]
[Round "1"]
[Board "4"]
[White "Ding, Yixin"]
[Black "Li, Xueyi"]
[Result "1-0"]
[WhiteElo "2353"]
[BlackElo "2082"]
[PlyCount "0"]
[EventDate "2012.05.17"]
[EventType "team"]
[EventRounds "9"]
[EventCountry "CHN"]
[WhiteTeam "China 1"]
[BlackTeam "China 3"]

1. e4 c5 2. Nf3 d6 3. d4 cxd4 4. Nxd4 Nf6 5. Nc3 a6 6. Be3 e5 7. Nb3 Be7 8. Qd2
Be6 9. O-O-O Nbd7 10. f4 b5 11. Kb1 b4 12. Nd5 Nxe4 13. Qxb4 Bxd5 14. Rxd5 Nef6
15. Rd3 a5 16. Qa4 O-O 17. Be2 d5 18. g4 exf4 19. Bxf4 Nb6 20. Qb5 Nc4 21. g5
Ba3 22. Qxc4 dxc4 23. Rxd8 Raxd8 24. gxf6 cxb3 25. bxa3 bxc2+ 26. Kxc2 Rfe8 27.
Bb5 Re4 28. Bc7 Rc8 29. Kd3 Rh4 30. Re1 gxf6 31. Bxa5 Rxh2 32. a4 Rxa2 33. Bb6
Rg2 34. a5 Rg3+ 35. Re3 Rg5 36. Re8+ 1-0

[Event "2012(Zaozhuang-China) Asian Nations Chess Cup"]
[Site "ZaoZhuang, China"]
[Date "2012.05.17"]
[Round "1"]
[Board "1"]
[White "Tan, Zhongyi"]
[Black "Harika, Dronavalli"]
[Result "1-0"]
[WhiteElo "2430"]
[BlackElo "2508"]
[PlyCount "0"]
[EventDate "2012.05.17"]
[EventType "team"]
[EventRounds "9"]
[EventCountry "CHN"]
[WhiteTeam "China 2"]
[BlackTeam "India"]

1. Nf3 Nf6 2. c4 e6 3. Nc3 Bb4 4. Qc2 c5 5. a3 Ba5 6. e3 Nc6 7. d4 d6 8. Bd3 e5
9. d5 Bxc3+ 10. Qxc3 Ne7 11. Qc2 O-O 12. Bd2 b5 13. cxb5 Nexd5 14. O-O Bb7 15.
e4 Nf4 16. Bxf4 exf4 17. Rad1 Re8 18. Rfe1 h6 19. e5 Bxf3 20. gxf3 Nd7 21. exd6
Rxe1+ 22. Rxe1 Qg5+ 23. Kh1 Rd8 24. Qe2 Nf8 25. Qe7 Rd7 26. Qxd7 Nxd7 27. Re8+
Nf8 28. d7 Qd5 29. d8=Q Qxf3+ 30. Kg1 Qg4+ 31. Kf1 Qd1+ 32. Re1 Qg4 33. Bc2 f3
34. Re8 Qg2+ 35. Ke1 Qg1+ 36. Kd2 Qxf2+ 37. Kc3 1-0

[Event "2012(Zaozhuang-China) Asian Nations Chess Cup"]
[Site "ZaoZhuang, China"]
[Date "2012.05.17"]
[Round "1"]
[Board "2"]
[White "Karavade, Eesha"]
[Black "Zhang, Xiaowen"]
[Result "0-1"]
[WhiteElo "2353"]
[BlackElo "2385"]
[PlyCount "0"]
[EventDate "2012.05.17"]
[EventType "team"]
[EventRounds "9"]
[EventCountry "CHN"]
[WhiteTeam "India"]
[BlackTeam "China 2"]

1. d4 Nf6 2. c4 g6 3. Nc3 Bg7 4. e4 d6 5. f3 O-O 6. Be3 c6 7. Nge2 a6 8. c5 b5
9. cxd6 exd6 10. Nf4 Re8 11. Qd2 Nbd7 12. Be2 Bb7 13. O-O Nb6 14. b3 Qe7 15.
Rac1 Nfd5 16. Bf2 Nxc3 17. Rxc3 c5 18. Rc2 d5 19. dxc5 dxe4 20. fxe4 Bxe4 21.
Bd3 Bxd3 22. Qxd3 Rad8 23. Qf3 Qc7 24. Rfc1 Nc8 25. Bg3 Bd4+ 26. Kh1 Qd7 27. c6
Qf5 28. c7 Rd7 29. Ne2 Qxf3 30. gxf3 Be3 31. Rf1 Bb6 32. Nc3 f5 33. Rd1 Rxd1+
34. Nxd1 Re7 35. Bf2 Rxc7 36. Rxc7 Bxc7 37. Nc3 Ne7 38. Bc5 Kf7 39. Kg2 Be5 40.
Bxe7 Kxe7 41. Nd5+ Kd6 42. Nb4 a5 43. Nc2 Kd5 44. h3 Bd6 45. Kf2 Bc5+ 46. Ke2
g5 47. Kf1 h5 48. Ke2 g4 49. fxg4 fxg4 50. hxg4 hxg4 51. Kd3 Bf2 52. Ke2 g3 53.
Kf3 b4 54. a3 bxa3 55. Nxa3 Kd4 56. Nb5+ Kc5 57. Na7 Be1 58. Kg2 Bb4 59. Kxg3
Kb6 60. Nc8+ Kb7 0-1

[Event "2012(Zaozhuang-China) Asian Nations Chess Cup"]
[Site "ZaoZhuang, China"]
[Date "2012.05.17"]
[Round "1"]
[Board "3"]
[White "Wang, Jue"]
[Black "Tania, Sachdev"]
[Result "1-0"]
[WhiteElo "2364"]
[BlackElo "2417"]
[PlyCount "0"]
[EventDate "2012.05.17"]
[EventType "team"]
[EventRounds "9"]
[EventCountry "CHN"]
[WhiteTeam "China 2"]
[BlackTeam "India"]

1. e4 e5 2. Nf3 Nc6 3. d4 exd4 4. Nxd4 Bc5 5. Nb3 Bb6 6. Nc3 Nf6 7. Qe2 O-O 8.
Bg5 h6 9. Bh4 Nd4 10. Qd3 Nxb3 11. cxb3 Re8 12. O-O-O d6 13. Qc2 c6 14. Bc4 Qe7
15. Rhe1 Bc7 16. f3 a6 17. g4 Qe5 18. Qd2 b5 19. Bd3 Ba5 20. Bc2 Bb7 21. Bg3
Qe6 22. Bxd6 Rad8 23. e5 Bxc3 24. bxc3 1-0

[Event "2012(Zaozhuang-China) Asian Nations Chess Cup"]
[Site "ZaoZhuang, China"]
[Date "2012.05.17"]
[Round "1"]
[Board "1"]
[White "Dauletova, Gulmira"]
[Black "Khegay, Anjela"]
[Result "0-1"]
[WhiteElo "2278"]
[BlackElo "2184"]
[PlyCount "0"]
[EventDate "2012.05.17"]
[EventType "team"]
[EventRounds "9"]
[EventCountry "CHN"]
[WhiteTeam "Kazakhstan"]
[BlackTeam "Singapore"]

1. e4 g6 2. d4 Bg7 3. Nc3 d6 4. g3 Nf6 5. Bg2 O-O 6. Nge2 e5 7. h3 c6 8. a4 a5
9. Be3 Nbd7 10. O-O Re8 11. Re1 Qc7 12. Qd2 Nb6 13. b3 Nbd7 14. Rad1 Nf8 15.
Rf1 b6 16. d5 cxd5 17. Nb5 Qb8 18. exd5 Ba6 19. f4 Bxb5 20. axb5 N6d7 21. f5
Rc8 22. Nc3 Nc5 23. f6 Bh8 24. g4 Qc7 25. Ne4 Nxe4 26. Bxe4 Nd7 27. g5 a4 28.
b4 Qc4 29. Bd3 Qh4 30. Kg2 h6 31. gxh6 Bxf6 32. Rxf6 Qxf6 33. Bg5 Qh8 34. c4 a3
35. Qa2 e4 36. Be2 Qe5 37. Be3 Qc3 38. Bd2 Qe5 39. Be3 Qc3 40. Bd2 Qf6 41. Bg4
Ne5 42. Rf1 Nf3 43. Bxc8 Qe5 44. Rh1 Rxc8 45. Bc1 Nh4+ 46. Kf1 e3 47. Qxa3 Qf4+
48. Ke2 Qf3+ 49. Kd3 e2+ 50. Kc2 Qxh1 51. Qc3 Nf5 52. Bb2 Qd1+ 0-1

[Event "2012(Zaozhuang-China) Asian Nations Chess Cup"]
[Site "ZaoZhuang, China"]
[Date "2012.05.17"]
[Round "1"]
[Board "2"]
[White "Liu, Yang Hazel"]
[Black "Davletbayeva, Madina"]
[Result "0-1"]
[WhiteElo "2096"]
[BlackElo "2183"]
[PlyCount "0"]
[EventDate "2012.05.17"]
[EventType "team"]
[EventRounds "9"]
[EventCountry "CHN"]
[WhiteTeam "Singapore"]
[BlackTeam "Kazakhstan"]

1. d4 Nf6 2. c4 c5 3. d5 b5 4. cxb5 a6 5. bxa6 Bxa6 6. Nf3 g6 7. Nc3 Bg7 8. e4
Bxf1 9. Kxf1 d6 10. g3 O-O 11. Kg2 Nbd7 12. h3 Qa5 13. Qc2 Rfb8 14. Rb1 Nb6 15.
b3 Ne8 16. Bd2 Qa3 17. Rhc1 Nc7 18. Bg5 Nc8 19. Na4 Na6 20. Bd2 Nb4 21. Bxb4
Qxb4 22. Nd2 Na7 23. Nc4 Nb5 24. Qd3 Na3 25. Nxa3 Qxa3 26. Qe2 Rb4 27. Rd1 c4
28. Qc2 Rab8 29. Rdc1 h5 30. h4 cxb3 31. axb3 Rxb3 32. Rxb3 Rxb3 33. Qc8+ Kh7
34. Rc4 Rb4 35. Rxb4 Qxb4 36. Qc2 Bd4 37. Kf3 Kg7 38. Kg2 Kh7 39. Kf3 Qe1 40.
Kg2 Kg8 41. Qc8+ Kg7 42. Qc2 Kh7 43. Kf3 Qh1+ 44. Kf4 Qg2 45. Qe2 Bxf2 46. Qd3
Be1 47. Nc3 Bd2+ 0-1

[Event "2012(Zaozhuang-China) Asian Nations Chess Cup"]
[Site "ZaoZhuang, China"]
[Date "2012.05.17"]
[Round "1"]
[Board "3"]
[White "Saduakassova, Dinara"]
[Black "Tay, Li Jin Jeslin"]
[Result "1/2-1/2"]
[WhiteElo "2219"]
[BlackElo "2080"]
[PlyCount "0"]
[EventDate "2012.05.17"]
[EventType "team"]
[EventRounds "9"]
[EventCountry "CHN"]
[WhiteTeam "Kazakhstan"]
[BlackTeam "Singapore"]

1. d4 d5 2. c4 c6 3. Nf3 e6 4. e3 Nd7 5. Bd3 Bd6 6. Nbd2 f5 7. b3 Nh6 8. Bb2
Qe7 9. Qc2 O-O 10. h3 Nf6 11. Ne5 Ne4 12. O-O Bd7 13. f3 Nxd2 14. Qxd2 Nf7 15.
f4 Be8 16. Kh2 Kh8 17. Qc2 Nh6 18. Bc3 Ng8 19. c5 Bc7 20. b4 Nf6 21. Be1 Ne4
22. Qe2 Bxe5 23. fxe5 a6 24. a4 Bd7 25. Rb1 h6 26. Rb2 Qg5 27. Rf4 Qe7 28. Rf1
Qg5 29. Rf4 Qe7 30. Rf1 1/2-1/2

[Event "2012(Zaozhuang-China) Asian Nations Chess Cup"]
[Site "ZaoZhuang, China"]
[Date "2012.05.17"]
[Round "1"]
[Board "4"]
[White "Chan, Wei Yi Victoria"]
[Black "Ankudinova, Yelena"]
[Result "0-1"]
[WhiteElo "1947"]
[BlackElo "2137"]
[PlyCount "0"]
[EventDate "2012.05.17"]
[EventType "team"]
[EventRounds "9"]
[EventCountry "CHN"]
[WhiteTeam "Singapore"]
[BlackTeam "Kazakhstan"]

1. d4 d6 2. Nf3 Bg4 3. c4 Nd7 4. e4 e5 5. Be2 Be7 6. Be3 Bxf3 7. Bxf3 Bg5 8.
Qd2 Bxe3 9. Qxe3 Qf6 10. d5 a5 11. Nc3 Nc5 12. O-O Nh6 13. Rab1 O-O 14. b3 Qe7
15. Be2 f5 16. f3 f4 17. Qf2 g5 18. a3 Kh8 19. b4 Nd7 20. Nb5 Nf6 21. c5 axb4
22. axb4 Ra2 23. cxd6 cxd6 24. Rfc1 Ne8 25. Qe1 Qd8 26. Nc3 Ra8 27. Rb2 Rg8 28.
h3 Rg7 29. Nb5 Nc7 30. Nc3 Ng8 31. Rbc2 Nf6 32. Nd1 h5 33. Nf2 Kh7 34. Ra1 Nce8
35. Rxa8 Qxa8 36. Qc1 Qa7 37. Kf1 Qb6 38. Qd2 h4 39. Nd1 Nh5 40. Nf2 Ng3+ 41.
Ke1 Rc7 42. Rxc7+ Nxc7 43. Bc4 Kg6 44. Kd1 Qa7 45. Kc2 b5 46. Bb3 Nf1 47. Qe2
Ne3+ 48. Kb2 Qd4+ 49. Ka2 Qxb4 50. Nd3 Qc3 51. Nb2 Qa5+ 52. Kb1 Qb4 53. Ka2 Na6
54. Nd3 Qc3 55. Qb2 Qxd3 56. Qa3 Nc4 57. Bxc4 Qxa3+ 58. Kxa3 bxc4 59. Kb2 Nc5
60. Kc3 Nd3 61. Kxc4 Ne1 62. Kb5 Kf6 63. Kc6 Ke7 64. Kc7 Nxg2 65. Kc6 Ne1 66.
Kc7 Nxf3 67. Kc8 Nd2 68. Kc7 f3 69. Kc6 f2 70. Kc7 f1=Q 71. Kc6 Qc4+ 72. Kb7 g4
73. Kb6 gxh3 74. Kb7 h2 75. Kb6 h1=Q 76. Kb7 Qb1+ 77. Ka8 Qa6+ 0-1

[Event "2012(Zaozhuang-China) Asian Nations Chess Cup"]
[Site "ZaoZhuang, China"]
[Date "2012.05.17"]
[Round "1"]
[Board "1"]
[White "Pham, Le Thao Nguyen"]
[Black "Pourkashiyan, Atousa"]
[Result "0-1"]
[WhiteElo "2390"]
[BlackElo "2336"]
[PlyCount "0"]
[EventDate "2012.05.17"]
[EventType "team"]
[EventRounds "9"]
[EventCountry "CHN"]
[WhiteTeam "Vietnam"]
[BlackTeam "Iran"]

1. d4 Nf6 2. Nf3 d5 3. Bf4 c5 4. e3 Nc6 5. c3 Qb6 6. Qb3 c4 7. Qc2 Bf5 8. Qc1
Nh5 9. Bg3 f6 10. Nbd2 e5 11. dxe5 Nxg3 12. hxg3 Nxe5 13. Nxe5 fxe5 14. Nf3 Bd6
15. Qd2 O-O-O 16. Be2 Bc7 17. Rh5 Rhf8 18. Bd1 Kb8 19. Kf1 Bg6 20. Rh3 Rf6 21.
Nh2 Rdf8 22. f3 d4 23. exd4 exd4 24. Ng4 Re6 25. Nf2 d3 26. b3 Rfe8 27. Rc1
Re1+ 0-1

[Event "2012(Zaozhuang-China) Asian Nations Chess Cup"]
[Site "ZaoZhuang, China"]
[Date "2012.05.17"]
[Round "1"]
[Board "2"]
[White "Khademalsharieh, Sarasadat"]
[Black "Nguyen, Thi Thanh An"]
[Result "1/2-1/2"]
[WhiteElo "2284"]
[BlackElo "2301"]
[PlyCount "0"]
[EventDate "2012.05.17"]
[EventType "team"]
[EventRounds "9"]
[EventCountry "CHN"]
[WhiteTeam "Iran"]
[BlackTeam "Vietnam"]

1. d4 Nf6 2. Nf3 g6 3. c4 Bg7 4. g3 O-O 5. Bg2 c6 6. O-O d5 7. cxd5 cxd5 8. Ne5
Nc6 9. Nc3 e6 10. f4 Nd7 11. Be3 Nb6 12. Bf2 Bd7 13. e3 Qe7 14. Qe2 Rfd8 15.
Rac1 Be8 16. g4 f6 17. Nf3 g5 18. h4 h6 19. hxg5 fxg5 20. Ne5 Nxe5 21. fxe5 a6
22. e4 Bc6 23. exd5 Nxd5 24. Nxd5 Bxd5 25. Rc5 Bxg2 26. Kxg2 Rac8 27. Rfc1 Rxc5
28. Rxc5 Rf8 29. Rc3 Qd7 30. Qc4 Qf7 31. Qe2 Qd7 32. Qc4 b5 33. Qc6 Rxf2+ 34.
Kxf2 Qxd4+ 35. Kg3 Qxe5+ 36. Kh3 Qe1 37. Rg3 Bxb2 38. Qc8+ Kg7 39. Qc7+ Kg8 40.
Qc8+ Kg7 41. Qc7+ Kg8 42. Qc8+ 1/2-1/2

[Event "2012(Zaozhuang-China) Asian Nations Chess Cup"]
[Site "ZaoZhuang, China"]
[Date "2012.05.17"]
[Round "1"]
[Board "3"]
[White "Pham, Bich Ngoc"]
[Black "Ghader Pour, Shayesteh"]
[Result "1-0"]
[WhiteElo "2176"]
[BlackElo "2241"]
[PlyCount "0"]
[EventDate "2012.05.17"]
[EventType "team"]
[EventRounds "9"]
[EventCountry "CHN"]
[WhiteTeam "Vietnam"]
[BlackTeam "Iran"]

1. c4 e6 2. Nc3 d5 3. d4 Be7 4. e3 Nf6 5. Nf3 O-O 6. Qc2 Nbd7 7. b3 b6 8. cxd5
exd5 9. Bd3 Bb7 10. O-O a6 11. Bb2 Bd6 12. e4 dxe4 13. Nxe4 Nxe4 14. Bxe4 Bxe4
15. Qxe4 Re8 16. Qf5 Nf6 17. Ne5 Qc8 18. Qd3 Nd5 19. g3 f6 20. Nf3 Qg4 21. Kh1
Kh8 22. a3 Re4 23. Rae1 Rae8 24. Ne5 fxe5 25. Rxe4 Qe6 26. dxe5 Bf8 27. Rd1 c6
28. Rh4 h6 29. Qxa6 Qf5 30. Qe2 b5 31. b4 Nb6 32. Rf4 Qe6 33. Qf3 Kg8 34. Kg2
Nc4 35. Bd4 Be7 36. h4 Ra8 37. Rd3 Rd8 38. Qe4 Rd5 39. Qf5 Qxf5 40. Rxf5 c5 41.
bxc5 Bxc5 42. Bxc5 Rxc5 43. Rc3 g6 44. Rf6 Kg7 45. f4 1-0

[Event "2012(Zaozhuang-China) Asian Nations Chess Cup"]
[Site "ZaoZhuang, China"]
[Date "2012.05.17"]
[Round "1"]
[Board "4"]
[White "Hejazipour, Mitra"]
[Black "Nguyen, Thi Mai Hung"]
[Result "1-0"]
[WhiteElo "2223"]
[BlackElo "2237"]
[PlyCount "0"]
[EventDate "2012.05.17"]
[EventType "team"]
[EventRounds "9"]
[EventCountry "CHN"]
[WhiteTeam "Iran"]
[BlackTeam "Vietnam"]

1. d4 d5 2. c4 c6 3. Nf3 Nf6 4. Nc3 e6 5. e3 Nbd7 6. Qc2 Bd6 7. Bd3 O-O 8. O-O
Qe7 9. h3 e5 10. cxd5 cxd5 11. e4 dxe4 12. Nxe4 Nxe4 13. Bxe4 h6 14. Re1 Qf6
15. Be3 Bb8 16. Rac1 Bd6 17. Qc3 a6 18. Kf1 Qe7 19. Qc2 Kh8 20. Kg1 Rb8 21. Bf5
Re8 22. Bxd7 Bxd7 23. dxe5 Bb4 24. Bc5 Bxc5 25. Qxc5 Qe6 26. b3 Kg8 27. Qe3 Qg6
28. Nd4 Rbd8 29. Kh2 Bc8 30. f4 Qb6 31. Rcd1 Qa5 32. Rd2 Bd7 33. Red1 Rc8 34.
Qe4 Rc7 35. Re2 Qb4 36. f5 Bc6 37. Qg4 Kh7 38. e6 fxe6 39. Qg6+ Kh8 40. Nxc6
Qf8 41. Ne5 Rec8 42. fxe6 Qf4+ 43. Qg3 Qf6 44. e7 Kg8 45. Ng4 Qg6 46. Rd8+ 1-0

[Event "2012(Zaozhuang-China) Asian Nations Chess Cup"]
[Site "ZaoZhuang, China"]
[Date "2012.05.17"]
[Round "1"]
[Board "1"]
[White "Munguntuul, Batkhuyag"]
[Black "Irine, Kharisma Sukandar"]
[Result "1-0"]
[WhiteElo "2451"]
[BlackElo "2288"]
[PlyCount "0"]
[EventDate "2012.05.17"]
[EventType "team"]
[EventRounds "9"]
[EventCountry "CHN"]
[WhiteTeam "Mongolia"]
[BlackTeam "Indonesia"]

1. e4 e5 2. Nf3 Nc6 3. Bb5 a6 4. Ba4 Nf6 5. O-O Be7 6. Re1 b5 7. Bb3 O-O 8. a4
Bb7 9. d3 d6 10. c3 Na5 11. Ba2 c5 12. Nbd2 Qc7 13. Nf1 Rad8 14. Ng3 Bc8 15. h3
Nc6 16. axb5 axb5 17. d4 cxd4 18. cxd4 exd4 19. Nxd4 Nxd4 20. Qxd4 d5 21. e5
Bc5 22. Qf4 Ne4 23. Nxe4 dxe4 24. Qxe4 Bb7 25. Qg4 Rd4 26. Qg3 Ra8 27. Bh6 g6
28. e6 Qxg3 29. exf7+ Kh8 30. Re8+ 1-0

[Event "2012(Zaozhuang-China) Asian Nations Chess Cup"]
[Site "ZaoZhuang, China"]
[Date "2012.05.17"]
[Round "1"]
[Board "2"]
[White "Medina, Warda Aulia"]
[Black "Batchimeg, Tuvshintugs"]
[Result "0-1"]
[WhiteElo "2172"]
[BlackElo "2363"]
[PlyCount "0"]
[EventDate "2012.05.17"]
[EventType "team"]
[EventRounds "9"]
[EventCountry "CHN"]
[WhiteTeam "Indonesia"]
[BlackTeam "Mongolia"]

1. e4 c5 2. Nf3 d6 3. d4 cxd4 4. Nxd4 Nf6 5. Nc3 Nc6 6. Be2 e5 7. Nb3 Be7 8.
Be3 O-O 9. O-O Be6 10. f4 exf4 11. Rxf4 a6 12. Kh1 Rc8 13. Nd4 Ne5 14. Nf5 Bxf5
15. Rxf5 Qd7 16. Qf1 Qe6 17. Bg5 Ng6 18. Bd3 Ng4 19. Nd5 Bxg5 20. Rxg5 h6 21.
Rh5 N4e5 22. Ne3 Ne7 23. a3 Ng4 24. Nxg4 Qxg4 25. Rh3 Qe6 26. Rg3 Qe5 27. c3
Ng6 28. Qf3 Qe7 29. Rf1 Ne5 30. Qf4 Qe6 31. Be2 Rc5 32. Qf6 Qxf6 33. Rxf6 Rd8
34. Rxh6 d5 35. Rh4 d4 36. h3 d3 37. Bd1 Nc4 38. Rhg4 g6 39. b4 Rc7 40. Rg5 Nb2
41. Bb3 Kg7 42. c4 d2 43. c5 d1=Q+ 44. Bxd1 Rxd1+ 45. Kh2 Re1 46. R3g4 Nc4 47.
h4 Ne3 48. Rf4 f6 49. Rd5 Nxd5 50. exd5 Rd7 51. d6 f5 52. h5 Re4 53. Rf3 Rh4+
54. Kg1 Rxh5 55. Re3 Kf7 56. g3 Rh8 57. a4 Re8 58. Rd3 Re4 59. b5 axb5 60. axb5
Rc4 0-1

[Event "2012(Zaozhuang-China) Asian Nations Chess Cup"]
[Site "ZaoZhuang, China"]
[Date "2012.05.17"]
[Round "1"]
[Board "3"]
[White "Bayarmaa, Bayarjargal"]
[Black "Chelsie, Monica Sihite"]
[Result "0-1"]
[WhiteElo "2009"]
[BlackElo "2181"]
[PlyCount "0"]
[EventDate "2012.05.17"]
[EventType "team"]
[EventRounds "9"]
[EventCountry "CHN"]
[WhiteTeam "Mongolia"]
[BlackTeam "Indonesia"]

1. d4 Nf6 2. c4 e6 3. Nf3 b6 4. g3 Bb4+ 5. Bd2 Bxd2+ 6. Qxd2 Bb7 7. Bg2 d6 8.
Nc3 Nbd7 9. O-O O-O 10. Rad1 Qe7 11. Rfe1 e5 12. d5 a5 13. Nh4 g6 14. Nb5 Ne8
15. e4 Ndf6 16. Bh3 Nh5 17. Qh6 Nhg7 18. f4 f6 19. Nf3 Bc8 20. Bxc8 Rxc8 21.
Na7 Ra8 22. Nc6 Qd7 23. Rf1 exf4 24. gxf4 Qg4+ 25. Kf2 Qh5 26. Qxh5 Nxh5 27.
Ke3 Neg7 28. Nfd4 Rae8 29. Rg1 f5 30. e5 Nxf4 31. e6 Nh3 32. Rgf1 f4+ 33. Kd3
Nf5 34. Rf3 Ne3 35. Rh1 Ng4 36. Ke2 Ng5 37. Rff1 Ne5 38. Nxe5 dxe5 39. Nf3 Rf5
40. Nh4 Rf6 41. Nf3 Nxe6 42. dxe6 Rfxe6 43. Ng5 Rc6 44. b3 b5 45. Rc1 bxc4 46.
bxc4 e4 47. Rhd1 h6 48. Nh3 g5 49. Rd5 a4 50. c5 Rf6 51. Rd4 e3 52. Ng1 g4 53.
Rxa4 f3+ 54. Kf1 h5 55. Rd4 Rf5 56. a4 e2+ 57. Kf2 Rxc5 58. Re1 Rf5 59. Rc4 Re7
60. Rb4 c6 61. Rc4 Re6 62. a5 Rxa5 63. h3 Rg5 64. hxg4 hxg4 65. Rf4 Rg7 66. Ra1
g3+ 67. Kxf3 e1=Q 68. Rxe1 Rxe1 69. Kg2 c5 70. Rc4 Re5 71. Rc2 Kf7 72. Nf3 Rf5
73. Re2 Kf6 74. Rd2 Ke6 75. Rd8 Rxf3 76. Re8+ Kd7 0-1

[Event "2012(Zaozhuang-China) Asian Nations Chess Cup"]
[Site "ZaoZhuang, China"]
[Date "2012.05.17"]
[Round "1"]
[Board "4"]
[White "Dewi, A.A Citra"]
[Black "Lkhamsuren, Uuganbayar"]
[Result "1-0"]
[WhiteElo "2112"]
[BlackElo "2139"]
[PlyCount "0"]
[EventDate "2012.05.17"]
[EventType "team"]
[EventRounds "9"]
[EventCountry "CHN"]
[WhiteTeam "Indonesia"]
[BlackTeam "Mongolia"]

1. e4 e6 2. Qe2 c5 3. b3 Nc6 4. Bb2 d6 5. f4 e5 6. Nf3 Bg4 7. h3 Bxf3 8. Qxf3
a6 9. Bc4 Nf6 10. a4 Qe7 11. f5 Nd4 12. Bxd4 exd4 13. O-O Qxe4 14. Qxe4+ Nxe4
15. Re1 O-O-O 16. Bxf7 Nf6 17. c3 dxc3 18. Nxc3 d5 19. a5 Kb8 20. d3 Bd6 21.
Na4 Rhf8 22. Be6 Nd7 23. Rec1 Ne5 24. Nxc5 d4 25. Re1 Nf3+ 26. gxf3 Bxc5 27.
Re4 Be7 28. Ra4 Bf6 29. Rc4 Rd6 30. Re2 h6 31. Kg2 Rfd8 32. Kg3 Re8 33. Rec2
Rdd8 34. f4 Re7 35. Kg4 Ree8 36. Kh5 Re7 37. Rc8+ Rxc8 38. Rxc8+ Ka7 39. Rf8
Rc7 40. Rxf6 gxf6 41. Kg6 Rc3 42. Bc4 b5 43. axb6+ Kxb6 44. Kxf6 a5 45. Ke5 Kc7
46. f6 Kd8 47. Kxd4 Rc1 48. Ke5 Ra1 49. Bb5 Rc1 50. Ke6 Re1+ 51. Kd6 Rf1 52.
Ke5 Rh1 53. Ke6 Re1+ 54. Kf5 Rh1 55. Kg4 Rb1 56. Bc4 Ke8 57. Kh5 Rh1 58. Be6
Re1 59. Kxh6 Kf8 60. Bc4 Rh1 61. Kg5 Rxh3 62. Kf5 Re3 63. d4 Rc3 64. d5 a4 65.
d6 Rc1 66. Bd5 Rc5 67. Ke4 Rc8 68. bxa4 Re8+ 69. Kd4 Rd8 70. Kc5 1-0

[Event "2012(Zaozhuang-China) Asian Nations Chess Cup"]
[Site "ZaoZhuang, China"]
[Date "2012.05.18"]
[Round "2"]
[Board "1"]
[White "Zhao, Xue"]
[Black "Irine, Kharisma Sukandar"]
[Result "1-0"]
[WhiteElo "2549"]
[BlackElo "2288"]
[PlyCount "0"]
[EventDate "2012.05.17"]
[EventType "team"]
[EventRounds "9"]
[EventCountry "CHN"]
[WhiteTeam "China 1"]
[BlackTeam "Indonesia"]

1. d4 Nf6 2. c4 e6 3. Nc3 Bb4 4. Qc2 O-O 5. e4 d5 6. e5 Ne4 7. Bd3 c5 8. Nf3
cxd4 9. Nxd4 Nd7 10. Bf4 Ndc5 11. O-O Nxd3 12. Qxd3 Bxc3 13. bxc3 b6 14. cxd5
Qxd5 15. Rfd1 Nc5 16. Qg3 Qe4 17. Nb5 Ba6 18. Nd6 Qg6 19. Qe3 Rad8 20. Rd4 Rd7
21. h3 Qh5 22. c4 Nb7 23. Qa3 Nc5 24. Re1 Bb7 25. Bc1 Qg6 26. Rg4 Qd3 27. Rg3
Qxa3 28. Bxa3 Bc6 29. Bxc5 bxc5 30. Ra3 Rc7 31. Rb1 f6 32. Ra5 fxe5 33. Rxc5
Rd8 34. Nb5 Be4 35. Rxc7 Bxb1 36. Rxa7 Rd1+ 37. Kh2 Rd2 38. c5 Rxf2 39. Nc3 Bd3
40. c6 Rf8 41. Rd7 Ba6 42. c7 1-0

[Event "2012(Zaozhuang-China) Asian Nations Chess Cup"]
[Site "ZaoZhuang, China"]
[Date "2012.05.18"]
[Round "2"]
[Board "2"]
[White "Chelsie, Monica Sihite"]
[Black "Shen, Yang"]
[Result "1/2-1/2"]
[WhiteElo "2181"]
[BlackElo "2419"]
[PlyCount "0"]
[EventDate "2012.05.17"]
[EventType "team"]
[EventRounds "9"]
[EventCountry "CHN"]
[WhiteTeam "Indonesia"]
[BlackTeam "China 1"]

1. e4 e5 2. Nf3 Nc6 3. Bc4 Bc5 4. O-O Nf6 5. d3 d6 6. a3 Bb6 7. Be3 O-O 8. c3
h6 9. Nbd2 Ne7 10. Bxb6 axb6 11. Re1 Ng6 12. Nf1 c6 13. Bb3 b5 14. d4 Qc7 15.
Ng3 Re8 16. dxe5 dxe5 17. h3 Nf4 18. Qc2 Nd7 19. Ba2 Nb6 20. Rad1 Be6 21. Bxe6
Rxe6 22. Kh2 Rf6 23. Nf5 Kh7 24. g3 Ne6 25. Kg2 Nc4 26. Ne3 Nc5 27. Qe2 Ra4 28.
Ng4 Re6 29. Qc2 Kg8 30. h4 h5 31. Ne3 Nd6 32. Ng5 Re8 33. Nf5 Nxf5 34. exf5 f6
35. Ne4 Nxe4 36. Rxe4 Rxe4 37. Qxe4 Rd8 38. Qe2 Rxd1 39. Qxd1 Qf7 40. Kh2 Kh7
41. Qe2 g6 42. Qe4 Kg7 43. fxg6 Qxg6 44. Qb4 Qf7 45. Qd6 Qb3 46. Qe7+ Qf7 47.
Qd6 Qb3 48. Qe7+ Qf7 49. Qd6 1/2-1/2